Kingdom Come : Delivrance (Facile) - Statistiques

Statistiques générales
  • Ce quiz a été pris 71 fois
  • Le résultat moyen est 7 sur 12
Statistiques - réponses
Hint Réponse % Correct
Le personnage que l'on incarne Henry
100%
Le village du hero Skalice
84%
Royaume dans lequel ce passe le jeu Bohême
81%
Roi de ce pays pendant le jeu Venceslas IV
76%
Demi-frère de ce dernier qui a attaqué le village de départ Sigismond
74%
Le seigneur de ce dernier Radzig Kobyla
67%
Ville où les rescapés de l'attaque se rendent principalement Rattay
62%
Ville que l'on assiège vers la fin du jeu Talmberg
48%
Autre ville où se trouvent la plupart des autres rescapés Sasau
41%
Seigneur de cette ville Divish
31%
Femme qui s'occupe des malades et des rescapés Jeanne
29%
Meurtrier des parents du hero que l'on cherche à tuer markvart von aulitz
29%
Aucun quiz correspondant
Distribution des résultats
% des personnes avec chaque résultat
Percentile par nombre de réponses
Votre historique - résultats
Vous n’avez pas pris ce quiz